Themed Trivia Quiz Stats

Quiz Updated May 29, 2016

Challenge
Share
Tweet
Embed
Score 0/24 Timer 05:00
1 Play Today
Clue Answer % Correct
These mythical figures are known for hiding pots of gold at the end of the rainbowleprechauns
87.3%
Imma let you finish but...this guy famously interrupted Taylor Swift's acceptance speechKanye West
86.3%
The first person to portray James Bond in filmSean Connery
81%
Massive South American snake, also a 1997 Ice Cube thrilleranaconda
80.9%
US state known for cheese production and Packers fansWisconsin
79.3%
One who studies supply & demand and gross domestic producteconomist
68.1%
Japanese camera manufacturerNikon
66.3%
Pop culture convention held annually in San DiegoComic-Con
65.1%
:-) and :-( are examples of thisemoticon
61.8%
Founder of the Mongol EmpireGenghis Khan
60%
Nut commonly used in dessertspecan
60%
Unable to control one's bladderincontinent
57.8%
Clue Answer % Correct
Official language of South Africa that is similar to DutchAfrikaans
46.1%
First woman appointed to the US Supreme CourtSandra Day O'Connor
42.9%
Influential German philosopher of the 18th centuryImmanuel Kant
42.2%
He played Don Corleone's son and Buddy the Elf's dadJames Caan
41.8%
Westernmost of Canada's federal territoriesYukon
40.2%
This actor appeared in 35 films before winning an Oscar for 'Dallas Buyers Club'Matthew McConaughey
33.8%
When Julius Caesar crossed this river there was no turning backRubicon
33.2%
Espresso diluted with hot waterAmericano
32.2%
Another name for a dictionarylexicon
23.1%
US rail line opened in 1869 that connected the East Coast to the West CoastFirst Transcontinental Railroad
20.4%
Leader of the Nation of IslamLouis Farrakhan
17.2%
First Chancellor of West GermanyKonrad Adenauer
9.3%

You're not logged in!

Compare scores with friends on all Sporcle quizzes.
Sign Up with Email
OR
Log In

You Might Also Like...

Show Comments

Extras

Top Quizzes Today


Score Distribution

Your Account Isn't Verified!

In order to create a playlist on Sporcle, you need to verify the email address you used during registration. Go to your Sporcle Settings to finish the process.